Statistics for African Physical Geography

Click here to take the quiz!

General Stats

  • This quiz has been taken 27,173 times
  • The average score is 13 of 20

Answer Stats

HintAnswer% Correct
Largest desertsSahara
98%
Longest riversNile
97%
Largest islandMadagascar
95%
Highest mountainsMount Kilimanjaro
90%
Biggest lakes (area)Victoria
88%
Canal connecting the Mediterranean
and Red Seas
Suez Canal
86%
Somalia, Ethiopia, Eritrea, and Djibouti{Horn} of Africa
83%
Strait between Africa and EuropeStrait of Gibraltar
77%
Longest riversCongo
75%
Cape near Cape TownCape of Good Hope
72%
Term for a grassy ecosystem such
as the above
Savanna
66%
Mountain range of Morocco,
Algeria, and Tunisia
Atlas Mountains
62%
Largest desertsKalahari
61%
Longest riversNiger
54%
Biggest lakes (area)Malawi
41%
6,000 km long valleyGreat Rift Valley
38%
Highest mountainsMount Kenya
37%
Biggest lakes (area)Tanganyika
37%
Region of Kenya and Tanzania;
Site of a wildebeest migration
Serengeti
35%
Semi-arid zone along the
southern edge of desert #1
Sahel
30%

Score Distribution

Percentile by Number Answered

Percent of People with Each Score

Your Score History

You have not taken this quiz